[Event "Hamburg Harburg-ch MT"]
[Site "Hamburg"]
[Date "2003.06.22"]
[Round "5"]
[White "Bach, Matthias"]
[Black "Menk, Rolf"]
[Result "1/2-1/2"]
[WhiteElo "2349"]
[BlackElo "2130"]
[PlyCount "104"]
[EventDate "2003.06.20"]
[SourceDate "2003.01.01"]

1. d4 g6 2. c4 f5 3. g3 Nf6 4. Bg2 Bg7 5. Nh3 Na6 6. O-O c5 7. d5 d6 8. Nc3 Nc7
9. e4 O-O 10. Nf4 Rb8 11. a4 b6 12. Qe2 a6 13. Re1 Rf7 14. Nd3 fxe4 15. Nxe4
Nxe4 16. Bxe4 b5 17. cxb5 axb5 18. h4 bxa4 19. h5 Bf5 20. Bxf5 Rxf5 21. hxg6
hxg6 22. Nf4 Re5 23. Qd1 Qe8 24. Rxe5 dxe5 25. Ne2 Rb4 26. Nc3 Rd4 27. Qc2 Nxd5
28. Nxd5 Rxd5 29. Rxa4 Qd7 30. Be3 Rd1+ 31. Kg2 Qd5+ 32. f3 Qd3 33. Qxd3 Rxd3
34. Bxc5 Rd2+ 35. Kh3 Rxb2 36. Bxe7 Rb7 37. Bg5 Kf7 38. Kg4 Rd7 39. Be3 Bf6 40.
Bg5 Bg7 41. Rc4 Rd4+ 42. Rxd4 exd4 43. Bd2 d3 44. f4 Ke6 45. Kg5 Kf7 46. g4
Bf6+ 47. Kh6 Bd4 48. Kh7 Bg7 49. g5 Bd4 50. Be1 Bb2 51. Bb4 Bd4 52. Bd2 Bb2
1/2-1/2

[Event "Hamburg Harburg-ch MT"]
[Site "Hamburg"]
[Date "2003.06.22"]
[Round "5"]
[White "Hebbinghaus, Holger"]
[Black "Reddmann, Hauke"]
[Result "1/2-1/2"]
[WhiteElo "2273"]
[BlackElo "2358"]
[PlyCount "21"]
[EventDate "2003.06.20"]
[SourceDate "2003.01.01"]

1. e4 c6 2. Nc3 d5 3. Nf3 e6 4. d4 Bb4 5. Bd3 dxe4 6. Bxe4 Nf6 7. Bd3 b6 8. O-O
Ba6 9. Bxa6 Nxa6 10. Qd3 Nb8 11. Bg5 1/2-1/2

[Event "Hamburg Harburg-ch MT"]
[Site "Hamburg"]
[Date "2003.06.22"]
[Round "5"]
[White "Schoengart, Ralf"]
[Black "Hawellek, Jeronimo"]
[Result "1/2-1/2"]
[WhiteElo "2080"]
[BlackElo "2211"]
[PlyCount "88"]
[EventDate "2003.06.20"]
[SourceDate "2003.01.01"]

1. d4 Nf6 2. Nf3 e6 3. Bf4 c5 4. c3 b6 5. e3 Bb7 6. Nbd2 Be7 7. dxc5 bxc5 8.
Nb3 d6 9. Bb5+ Nc6 10. O-O O-O 11. Qc2 Qb6 12. Be2 Rfd8 13. Rad1 e5 14. Bg5 d5
15. h3 h6 16. Bh4 Rac8 17. Qf5 g6 18. Qb1 a5 19. Bg3 e4 20. Nh2 Ba6 21. Rfe1
Bxe2 22. Rxe2 Nh5 23. Nf1 Nxg3 24. Nxg3 Ne5 25. Red2 Nd3 26. c4 f5 27. cxd5
Rxd5 28. Nc1 c4 29. Nge2 Rb5 30. Nxd3 cxd3 31. Nd4 Rbc5 32. a3 Bf6 33. Qa2+ Kh8
34. Ne6 Rc2 35. Nf4 Be5 36. Qd5 Bxf4 37. exf4 Qxb2 38. Qxa5 Qc3 39. Rxc2 Qxa5
40. Rxc8+ Kg7 41. Rdc1 Qxa3 42. R8c7+ Kf8 43. Rb1 Qa8 44. Rbb7 d2 1/2-1/2